Implementácia účtovných zásad v kontexte vnútorného kontrolného systému bakalárska práca

Uložené v:
Podrobná bibliografia
Hlavný autor: Vargová, Vivien
Korporativný autor: Fakulta hospodárskej informatiky EU. Katedra účtovníctva a audítorstva
Ďalší autori: Gedeon, Milan, 1993-
Médium: Kniha
Jazyk:Slovak
Vydavateľské údaje: Bratislava 2024
Tagy: Pridať tag
Žiadne tagy, Buďte prvý, kto otaguje tento záznam!

MARC

LEADER 00000nbm a2200000 4500
001 0302621
005 20250131121219.1
041 0 |a slo 
044 |a SK 
245 1 0 |a Implementácia účtovných zásad v kontexte vnútorného kontrolného systému  |b bakalárska práca  |c Vivien Vargová ; školiteľ: Milan Gedeon 
264 1 |a Bratislava  |c 2024 
300 |a 50 s. 
100 1 |a Vargová, Vivien 
700 1 |a Gedeon, Milan, 1993- 
710 2 |a Fakulta hospodárskej informatiky EU. Katedra účtovníctva a audítorstva